О согласовании с ЦИК ЦССР циркуляра НКПиТ от 23-28/X-24 г. в части, касающейся установления сроков хранения архивных материалов

Доступно только в Электронных читальных залах Найти на картеНа карте
RUSMARC
00005040nac2a22003373x 450
00184186702-f7bf-4184-aae4-d97ed67c4329
00520221227092854.0
100##$a20221117l19261926k y0rusy50 ca
1010#$arus
$amul
102##$aRU
105##$ay z |||||
1222#$ad19260414
$ad19261218
1222#$ad19241023
$ad19241028
2001#$aО согласовании с ЦИК ЦССР циркуляра НКПиТ от 23-28/X-24 г. в части, касающейся установления сроков хранения архивных материалов
$j14.04.1926 - 18.12.1926
215##$a15 листов
251##$cДело
300##$aЗаголовок дела на папке: О согласовании с ЦИК УССР циркуляра НКПиТ от 23-28/X-24 г. в части, касающейся установления сроков хранения архивных материалов
300##$aНа папке дела: 17 апреля 1926 - 18 декабря 1926
300##$aЧасть текста на языках народов СССР
300##$aНумерация в обратном порядке
300##$aЧасть текста машинописная и рукописная, часть - напечатана типографским способом
324##$aВ деле имеются копии отдельных документов
461#0$1001796d4672-8a00-4986-b488-6e42273792cc
$12001
$aЦЕНТРАЛЬНЫЙ ИСПОЛНИТЕЛЬНЫЙ КОМИТЕТ СССР (ЦИК СССР).
$1251
$cФонд
$1852
$gР
$j3316
462#0$1001e365b2fb-f374-4764-a068-dc9012f0aaee
$12001
$aДела Секретариата Президиума ЦИК Союза ССР за 1926 г.
$vД. 690
$1251
$cОпись
$1852
$j19
5171#$aО согласовании с ЦИК УССР циркуляра НКПиТ от 23-28/X-24 г. в части, касающейся установления сроков хранения архивных материалов
60101$3RU\NLR\AUTH\880357276
$aСССР
$bЦИК
60101$3RU\NLR\AUTH\8810171364
$aУССР
$bЦентральный исполнительный комитет
60101$3RU\NLR\AUTH\880361656
$aСССР
$bНародный комиссариат почт и телеграфов
801#0$aRU
$bGA_RF
801#1$aRU
$bГлавНИВЦ
$c20221117
$2rusmarc
801#2$aRU
$bПБ им. Б.Н. Ельцина
$c20221227
$gRCR
$2rusmarc
852##$aГА РФ
$j690
937##$d181765588
$hГАРФ
035##$aRuPRLIB51069466
856##$uhttp://readingroom.main.prlib.ru/item.aspx?id_node=n181765588&mode=full
Формат отображения